All Asian / Australasian F1 Drivers - Statistics

General Stats
  • This quiz has been taken 18 times
  • The average score is 23 of 72
Answer Stats
Initials Nationality Answer % Correct
AA Alexander Albon
88%
DR Daniel Ricciardo
88%
YT Yuki Tsunoda
88%
MW Mark Webber
82%
OP Oscar Piastri
82%
DB David Brabham
76%
GB Gary Brabham
76%
JB Jack Brabham
76%
LL Liam Lawson
76%
ZG Zhou Guanyu
76%
BM New Zealand Bruce McLaren
65%
DK Daniil Kvyat
65%
DH Denny Hulme
65%
TS Takuma Sato
65%
AJ Alan Jones
59%
AY Malaysia Alex Yoong
59%
NM Nikita Mazepin
59%
RH Indonesia Rio Haryanto
59%
VT Russia Vitaly Petrov
59%
KK Kamui Kobayashi
53%
KN Kazuki Nakajima
53%
SN Satoru Nakajima
53%
SS Sergey Sirotkin
53%
BH Brendon Hartley
47%
NK India Narain Karthikeyan
47%
AS Aguri Suzuki
41%
KC Karun Chandhok
41%
KY Katsumi Yamamoto
41%
NY Naoki Yamamoto
41%
SY Sakon Yamamoto
41%
TS Toshio Suzuki
41%
YI Yuji Ide
41%
TI Taki Inoue
35%
UK Ukyo Katayama
35%
CA Chris Amon
29%
JD Jack Doohan
29%
SN Shinji Nakano
24%
AM Artem Markelov
18%
AI Ayumi Iwasa
18%
PB Thailand Prince Bira
18%
TN Tora Takagi
18%
HN Hideki Noda
12%
MT Mike Thackwell
12%
SG Sean Gelael
12%
WB Warwick Brown
12%
AF Adderly Fong
6%
BM Brian McGuire
6%
DW Dave Walker
6%
FF Fairuz Fauzy
6%
GM Graham McRae
6%
HF Japan Hiroshi Fushida
6%
JN John Nicholson
6%
KH Kazuyoshi Hoshino
6%
KT Kunimitsu Takahashi
6%
LP Larry Perkins
6%
MQH China Ma Qing Hua
6%
MH Masahiro Hasemi
6%
PH Paul Hawkins
6%
RY Ryan Briscoe
6%
SM Satoshi Motoyama
6%
TS Tim Schenken
6%
TG Australia Tony Gaze
6%
VS Vern Schuppan
6%
AN Akihiko Nakaya
0%
FR Frank Gardner
0%
HW Howden Ganley
0%
KC Keith Campbell
0%
KK Ken Kavanagh
0%
MK Masami Kuwashima
0%
NH Naoki Hattori
0%
NT Noritake Takahara
0%
TS Tony Shelly
0%
No matching quizzes found
Score Distribution
Percent of People with Each Score
Percentile by Number Answered
Your Score History
You have not taken this quiz